000 00610cam a22002053a 4500
001 44797
003 PGUSA
005 20140828084025.0
008 140130s2014||||xxu|||||s|||||000 | eng d
040 _aPGUSA
_beng
042 _adc
100 1 _aAzeglio, Massimo d',
_d1798-1866
245 1 0 _aEttore Fieramosca :
_bossia, La disfida di Barletta
_h[electronic resource] /
_cMassimo d' Azeglio
260 _bProject Gutenberg,
_c2014
506 _aPublic domain in the USA.
516 _aElectronic text
830 0 _aProject Gutenberg
_v44797
856 4 0 _uhttp://www.gutenberg.org/ebooks/44797
942 _cEB
999 _c274048
_d274048